00708cam5a220022900 4500001001200000005001700012008004100029010001600070035002000086035002200106035002200128040000900150100006300159245003400222260004300256504003100299504003000330650003400360949005800394004000700452999001900459qce0180584120190830103621.0770217s1952 inu 001 0 eng u a 52000951 a(Sirsi) r111227 a(QCAT)lss01496357 a(UPRA)qce01805841 dUPRA1 aParker, Reginald, 1904-dParker, Reginald, 1904-6A71578.110aAdministrative law :ba text. aIndianapolis :bBobbs-Merrill,c[1952] aBibliographical footnotes. aBibliography: p. 313-322. 0aAdministrative law.6S32125.1 aKB22wlcci33729000321187mMAINp2500tBOOKlON-SHELF111227 c184645d184645